000 00682nam a2200205Ia 4500
001 2920
003 GE_BSU
008 181216s||||||||xx |||||||||||||| ||und||
040 _cGE_BSU
080 _a62.182/183
100 _aТрембовля,В. И. Фингер,Е.Д. Авдеева А.А.
245 _aТеплотехнические испытания котельных установок.
245 _cРед. Б.И.Шмуклер.
260 _aМ.
260 _bЭнергия.
260 _c1977.
300 _a296 стр. с илл. 26 см.
653 _aТеплотехнические испытания котельных установок.
942 _cBK
999 _c36968
_d36968